Francuskie Regiony i ich Stolice na Mapie - Statystyki

Ogólne statystyki
  • Ten quiz został rozwiązany 38 razy
    36 od ostatniego zresetowania
  • Średni wynik to 25 z 36
Odpowiedzi na mapie
Odpowiedzi zakodowano w zielono-czerwonej skali na mapie do tego quizu, zgodnie z poniższymi procentami.
 
Statystyki odpowiedzi
Odpowiedź % Poprawnych
Bordeaux
100%
Nantes
100%
Paryż
100%
Bretania
89%
Gujana Francuska
89%
Gwadelupa
89%
Île-de-France
89%
Marsylia
89%
Normandia
89%
Strasburg
89%
Ajaccio
78%
Lille
78%
Lyon
78%
Martynika
78%
Oksytania
78%
Tuluza
78%
Burgundia-Franche-Comté
67%
Grand Est
67%
Hauts-de-France
67%
Kajenna
67%
Korsyka
67%
Kraj Loary
67%
Majotta
67%
Nowa Akwitania
67%
Rennes
67%
Dijon/Besançon
56%
Orlean
56%
Prowansja-Alpy-Lazurowe Wybrzeże
56%
Region Centralny-Dolina Loary
56%
Reunion
56%
Rouen/Caen
56%
Owernia-Rodan-Alpy
44%
Basse-Terre
22%
Fort-de-France
22%
Mamoudzou
22%
Saint-Denis
22%
Nie znaleziono quizów pasujących do podanych kryteriów
Rozkład punktacji
Procent ludzi z każdym wynikiem
Percentyl według liczby udzielonych odpowiedzi
Twoja historia wyników
Nie rozwiązałeś tego quizu od ostatniego zresetowania